| 000 | 00423nam a2200169 a 4500 | ||
|---|---|---|---|
| 001 | 35006 | ||
| 005 | 20180714003241.0 | ||
| 008 | 140415s1966 000 0 spa d | ||
| 041 | _aspa | ||
| 082 |
_a320.1 _bPOR |
||
| 100 | 1 | _aPORRUA PEREZ, FRANCISCO | |
| 245 | 1 | 0 | _aTEORIA DEL ESTADO |
| 250 | _a4a ed. | ||
| 260 |
_a[s.l.] : _bPORRUA, _c1966 |
||
| 300 | _a493 | ||
| 650 | 1 | 4 |
_aCIENCIAS POLITICAS _xESTADO |
| 999 |
_c35006 _d35006 |
||